| 000 | 00688 a2200253 4500 | ||
|---|---|---|---|
| 001 | 200042423 | ||
| 999 |
_c200042423 _d35261 |
||
| 003 | TR-AnTOB | ||
| 005 | 20190408220101.0 | ||
| 008 | 110916s2002 tu 000 0 | ||
| 020 | _a8682893053 | ||
| 040 | _aTR-AnTOB | ||
| 041 | 0 | _aeng | |
| 050 | 1 | 4 |
_aDS135.S35 _bZ24 2002 |
| 090 | _aDS135.S35 Z24 2002 | ||
| 100 | 1 |
_aZamurovic, Dragoljub _976494 |
|
| 245 | 1 | 0 |
_aSerbia : _blİfe and custom / _cDragoljub Zamurovic , text: Ilja , Slani. |
| 250 | _a(Kaçıncı bsm.) | ||
| 264 | 1 |
_aBelgrade : _bPublikum, _c2002. |
|
| 300 |
_a288 p. ; _bill; _c30 cm. |
||
| 651 | 0 |
_aSerbia _xHistory _yTo 1456 _vSources _947563 |
|
| 700 |
_aSlani, Ilja _976495 |
||
| 942 | _cBK | ||